• 首页
  • 本馆介绍
  • 公告通知
  • 最新文献
  • 馆藏检索
  • 电子资源
  • 读者导购
  • 参考咨询
  • 我的图书馆
  • 登录
  • 详细信息显示
  • 放入我的书架
  • 预约/预借图书
  • 作者相关作品
  • 分类相关作品
  • 丛书相关作品
  • 出版社相关作品

书目信息

  • 表格格式
  • 工作单格式
  • 卡片格式
题名:
宗吾臆谈
    
 
作者: 李宗吾 著
分册:  
出版信息: 北京   大众文艺出版社  2003.02
页数: 454页
开本: 24cm
丛书名:
单 册:
中图分类: C539
科图分类:
主题词: 社会科学--文集 , 社会科学--会议录
电子资源:
ISBN: 7-80171-269-2
000 00629nam0 2200229 45
001 0304301053
005 20101208151757.36
010    @a7-80171-269-2@dCNY39.80
100    @a20030430d2003 km y0chiy0120 ea
101 0  @achi
105    @a z 000yy
200 1  @a宗吾臆谈@AZong Wu Yi Tan@f李宗吾著@FLi Zong Wu Zhu
205    @a插图本
210    @a北京@c大众文艺出版社@d2003.02
215    @a454页@d24cm@e光盘1张
300    @a民国时期三大奇书之二
606 0  @a社会科学@x文集
606 0  @a社会科学@x会议录
690    @aC539@v4
701  0 @a李宗吾@4著
801    @aCN@bPftUser@c20101208
905    @aBZT@b347349-354@dC539@e1@f6
    
    宗吾臆谈/李宗吾著.-插图本.-北京:大众文艺出版社,2003.02
    454页;24cm+光盘1张
    民国时期三大奇书之二
    
    ISBN 7-80171-269-2:CNY39.80
    
●
相关链接 在五车中查询图书 在当当中查询图书 在豆瓣中查询图书


正题名:宗吾臆谈     索取号:C539/1         预约/预借

序号 登录号 条形码 馆藏地/架位号 状态 备注
1 347349   201178082   样本书库/样001架A面1层2列/ [索取号:C539/1] 在馆    
2 347350   201178073   中心书库南/008架B面2层2列/ [索取号:C539/1] 在馆    
3 347351   201178064   中心书库南/008架B面2层2列/ [索取号:C539/1] 在馆    
4 347352   201178055   中心书库南/008架B面2层2列/ [索取号:C539/1] 在馆    
5 347353   201178046   中心书库南/008架B面2层2列/ [索取号:C539/1] 在馆    
6 347354   201178037   中心书库南/008架B面2层2列/ [索取号:C539/1] 在馆    
山东省滨州职业学院图书馆 欢迎您!
大连网信软件有限公司© 版权所有